| 000 | 00423nam a22001217a 4500 | ||
|---|---|---|---|
| 082 | _a220 PRO | ||
| 100 |
_aNC USMAN SHAUKAT NC SAADULLAH JAN ASC BADAR MUNIR BUTT _971525 |
||
| 245 | _aPR-SOF-1799-DESIGN AND ANALYSIS OF SUSPENSION SYSTEM OF FAMILY SEDAN | ||
| 260 |
_aISLAMABAD _bNUST COLLEGE OF EME _c2019 |
||
| 650 |
_a DE-MECH-37 DECLASS _971526 |
||
| 700 |
_a PROJECT SUPERVISOR DR RAJA AMER AZIM _971527 |
||
| 942 | _cCR | ||
| 999 |
_c577993 _d577993 |
||